000
003070000a22001450004500
003
MACL
040
_a
MACL
090
_c
7443
_d
7442
100
_a
Basu, A K
245
_a
New Prontiers of Medical and Surgery
260
_b
Publicaton Division
_c
1967
350
_a
1
650
_a
Medical
942
_c
BOOK
_k
610
999
_c
7395
_d
7395